000 01108nac a22003377a 4500
001 BR9001733
003 BR-BrBNA
005 20240105121110.0
008 230509b bl.|||m| |||| 00| 0 por d
040 _aBR-BrBNA
_bpor
_cBiblioteca Nacional de Agricultura
072 _aM11
090 _a8134 BR9001733
100 1 _aCamara, J.J.C. da
100 1 _aSantos, R.A. dos
100 1 _aCampos, E.C.
100 1 _aBarbosa, J.M.
110 1 _aInstituto de Pesca, Sao Paulo, SP (Brasil)
_96067
245 1 _aPesca de batida: um metodo eficiente para captura de tilapias preta e do nilo, utilizado na Represa de Merimbondo, Rio Grande, limite centro-norte do estado de Sao Paulo
260 3 _aSao Paulo, SP (Brasil):
_c1988.
300 _a12 p.
490 _aBoletim Tecnico - Instituto de Pesca (Brazil)
_vno. 11
_xISSN 0103-1767
500 _a9 ref.; 9 illus.
650 _aTILAPIA
650 _aTILAPIA NILOTICA
650 _aPESCA
650 _aREDE
650 _aEMBARCACAO PESQUEIRA
650 _aSAO PAULO
909 _a202312
_bLúcia Elande
_c55
_dLúcia Elande
942 _2AGRIS
_n0
_cMS
999 _c283287
_d283287